Perspectives in modern physics. : Essays in honor of Hans A. Bethe on the occasion of his 60th birthday, July, 1966 /

Bibliographic Details
Main Author: Marshak, Robert E. (Robert Eugene), 1916-1992
Other Authors: Blaker, J. Warren, Bethe, Hans A. (Hans Albrecht), 1906-2005
Format: Book
Language:English
Published: New York : Interscience Publishers, [1966]
Subjects:

MARC

Tag First Indicator Second Indicator Subfields
LEADER 00000cam a22000001 4500
001 in00000041879
005 20151007064816.0
008 731212s1966 nyuac b 01010beng
010 |a  66022059  
035 |a (OCoLC)00418981 
035 |9 AAE0651AM 
040 |a DLC  |c DLC  |d TXA  |d UtOrBLW 
049 |a TXAM  |c [466181] 
050 0 0 |a QC774.B4  |b M3 
082 0 |a 530/.08 
092 |a 539.7  |b M366p, 1966 
100 1 |a Marshak, Robert E.  |q (Robert Eugene),  |d 1916-1992. 
245 1 0 |a Perspectives in modern physics. :  |b Essays in honor of Hans A. Bethe on the occasion of his 60th birthday, July, 1966 /  |c Edited by R. E. Marshak, with the assistance of J. Warren Blaker. 
264 1 |a New York :  |b Interscience Publishers,  |c [1966] 
300 |a xii, 673 pages :  |b illustrations, portrait ;  |c 24 cm. 
336 |a text  |b txt  |2 rdacontent 
337 |a unmediated  |b n  |2 rdamedia 
338 |a volume  |b nc  |2 rdacarrier 
504 |a "Hans Bethe, a bibliography": pages 665-670. Includes bibliographies. 
600 1 0 |a Bethe, Hans A.  |q (Hans Albrecht),  |d 1906-2005. 
650 0 |a Nuclear physics. 
650 0 |a Festschriften. 
700 1 |a Blaker, J. Warren. 
700 1 |a Bethe, Hans A.  |q (Hans Albrecht),  |d 1906-2005. 
999 |a MARS 
999 f f |s ff380f9a-fedf-3ca3-b91b-c237250b52c2  |i a718bc60-caa6-35bc-9680-e023e9d32edc  |t 0 
952 f f |p ric  |a Texas A&M University  |b Rellis Campus  |c Joint Library Facility  |d Remote Storage  |t 0  |e QC774.B4 M3  |h Library of Congress classification  |i unmediated -- volume  |m A14800928954 
998 f f |a QC774.B4 M3  |t 0  |l Remote Storage